Information communication technology, governance and service delivery in India: A critical review (Record no. 78280)

000 -LEADER
fixed length control field 01223pab a2200205 454500
008 - FIXED-LENGTH DATA ELEMENTS--GENERAL INFORMATION
fixed length control field 180718b2008 xxu||||| |||| 00| 0 eng d
100 ## - MAIN ENTRY--PERSONAL NAME
Personal name Sangita, S.N.
245 ## - TITLE STATEMENT
Title Information communication technology, governance and service delivery in India: A critical review
260 ## - PUBLICATION, DISTRIBUTION, ETC.
Date of publication, distribution, etc. 2008
300 ## - PHYSICAL DESCRIPTION
Extent p.141-161.
362 ## - DATES OF PUBLICATION AND/OR SEQUENTIAL DESIGNATION
Dates of publication and/or sequential designation Jan-Mar
520 ## - SUMMARY, ETC.
Summary, etc. This article, mainly reviews the experiences of e-governance reforms in improving the quality of governance and service delivery in India. The first section deals with the conceptual framework of e-governance. The second section focuses on e-governance initiatives in India. the third section reviews the implications of e-governance on service delivery in terms of efficiency, accountability, participation and equity on the basis of the secondary resources. The fourth section deals with the enabling conditions in promoting e-governance in India. Finally, it comes out with the policy perspectives. - Reproduced.
650 ## - SUBJECT ADDED ENTRY--TOPICAL TERM
Topical term or geographic name entry element Communication technology - India
650 ## - SUBJECT ADDED ENTRY--TOPICAL TERM
Topical term or geographic name entry element Information technology - India
650 ## - SUBJECT ADDED ENTRY--TOPICAL TERM
Topical term or geographic name entry element Information technology
700 ## - ADDED ENTRY--PERSONAL NAME
Personal name Dash, Bikash Chandra
773 ## - HOST ITEM ENTRY
Main entry heading Indian Journal of Public Administration
908 ## - PUT COMMAND PARAMETER (RLIN)
Put command parameter N
909 ## -
-- 78280
Holdings
Withdrawn status Lost status Damaged status Not for loan Permanent Location Current Location Date acquired Serial Enumeration / chronology Barcode Date last seen Price effective from Koha item type
        Indian Institute of Public Administration Indian Institute of Public Administration 2018-07-19 Volume no: 54, Issue no: 1 AR78740 2018-07-19 2018-07-19 Articles

Powered by Koha